000 00960nam a22002537a 4500
003 BUBTL
008 230718b ||||| |||| 00| 0 eng d
020 _a9780727760944
082 _a658.2/ M2225g/ 2016
100 _95364
_a McLaughlin, John J.
245 _aGlobal risk assessment and strategic planning :
_b an introduction and facilitator's guide to the GRASP methodology /
_c John J. McLaughlin; Ocock Michael; Agi Oldfield; Barry Trebes
250 _a1st ed.
260 _aLondon :
_bICE Publishing,
_cc2016
300 _ax, 150 p. :
_bill. ;
_c30 cm.
500 _aIncludes Index
505 _aGlobal risk assessment and strategic planning, John J. McLaughlin; Ocock Michael; Agi Oldfield; Barry Trebes, Management
650 0 _939
_aManagement
700 _95365
_aMichael, Ocock
700 _95366
_aOldfield, Agi
700 _95367
_aTrebes, Barry
856 _k0
_l0
_yDownload
942 _2ddc
_cBK
999 _c7062
_d7062